<?xml version="1.0" encoding="UTF-8"?>
<record
    xmlns:xsi="http://www.w3.org/2001/XMLSchema-instance"
    xsi:schemaLocation="http://www.loc.gov/MARC21/slim http://www.loc.gov/standards/marcxml/schema/MARC21slim.xsd"
    xmlns="http://www.loc.gov/MARC21/slim">

  <leader>01239nam0a2200349   4500</leader>
  <controlfield tag="001">RU\NLR\bibl\1432312</controlfield>
  <controlfield tag="005">20250615221957.0</controlfield>
  <datafield tag="010" ind1=" " ind2=" ">
    <subfield code="a">978-5-386-01522-0</subfield>
    <subfield code="9">5000</subfield>
  </datafield>
  <datafield tag="021" ind1=" " ind2=" ">
    <subfield code="a">RU</subfield>
    <subfield code="b">2009-71953</subfield>
    <subfield code="9">4467</subfield>
  </datafield>
  <datafield tag="035" ind1=" " ind2=" ">
    <subfield code="a">(nilc)RSL-KNO-004381541</subfield>
  </datafield>
  <datafield tag="035" ind1=" " ind2=" ">
    <subfield code="a">(NLR Aleph) 001424222</subfield>
  </datafield>
  <datafield tag="090" ind1=" " ind2=" ">
    <subfield code="a">1361857</subfield>
    <subfield code="c">1361857</subfield>
  </datafield>
  <datafield tag="100" ind1=" " ind2=" ">
    <subfield code="a">20090914d2009    |||y0rusy50      ca</subfield>
  </datafield>
  <datafield tag="101" ind1="0" ind2=" ">
    <subfield code="a">rus</subfield>
  </datafield>
  <datafield tag="102" ind1=" " ind2=" ">
    <subfield code="a">RU</subfield>
  </datafield>
  <datafield tag="105" ind1=" " ind2=" ">
    <subfield code="a">y   |||||||||</subfield>
  </datafield>
  <datafield tag="200" ind1="1" ind2=" ">
    <subfield code="a">&#x426;&#x430;&#x440;&#x441;&#x442;&#x432;&#x435;&#x43D;&#x43D;&#x43E;&#x435; &#x441;&#x43B;&#x43E;&#x432;&#x43E;</subfield>
    <subfield code="e">&#x441;&#x438;&#x43C;&#x444;&#x43E;&#x43D;&#x438;&#x44F; &#x440;&#x430;&#x437;&#x443;&#x43C;&#x430; &#x438; &#x43C;&#x443;&#x434;&#x440;&#x43E;&#x441;&#x442;&#x438;</subfield>
    <subfield code="f">&#x441;&#x43E;&#x441;&#x442;. &#x415;. &#x41E;&#x43A;&#x443;&#x43D;&#x446;&#x43E;&#x432;&#x430;</subfield>
  </datafield>
  <datafield tag="210" ind1=" " ind2=" ">
    <subfield code="a">&#x41C;&#x43E;&#x441;&#x43A;&#x432;&#x430;</subfield>
    <subfield code="c">&#x420;&#x418;&#x41F;&#x41E;&#x41B; &#x43A;&#x43B;&#x430;&#x441;&#x441;&#x438;&#x43A;</subfield>
    <subfield code="d">2009</subfield>
  </datafield>
  <datafield tag="215" ind1=" " ind2=" ">
    <subfield code="a">1182, [1] &#x441;.</subfield>
    <subfield code="d">22</subfield>
  </datafield>
  <datafield tag="320" ind1=" " ind2=" ">
    <subfield code="a">&#x423;&#x43A;&#x430;&#x437;&#x430;&#x442;&#x435;&#x43B;&#x438;: &#x438;&#x43C;&#x435;&#x43D;, &#x438;&#x441;&#x442;&#x43E;&#x447;&#x43D;&#x438;&#x43A;&#x43E;&#x432;, &#x442;&#x435;&#x43C;&#x430;&#x442;. &#x440;&#x443;&#x431;&#x440;&#x438;&#x43A;: &#x441;. 1125-1183</subfield>
  </datafield>
  <datafield tag="517" ind1="0" ind2=" ">
    <subfield code="a">&#x421;&#x438;&#x43C;&#x444;&#x43E;&#x43D;&#x438;&#x44F; &#x440;&#x430;&#x437;&#x443;&#x43C;&#x430; &#x438; &#x43C;&#x443;&#x434;&#x440;&#x43E;&#x441;&#x442;&#x438;</subfield>
  </datafield>
  <datafield tag="606" ind1="1" ind2=" ">
    <subfield code="a">&#x410;&#x444;&#x43E;&#x440;&#x438;&#x437;&#x43C;&#x44B;</subfield>
    <subfield code="j">&#x421;&#x431;&#x43E;&#x440;&#x43D;&#x438;&#x43A;&#x438;</subfield>
    <subfield code="9">1063027</subfield>
    <subfield code="3">RU\NLR\auth\6694446</subfield>
  </datafield>
  <datafield tag="686" ind1=" " ind2=" ">
    <subfield code="a">&#x42E;0&#x44F;48</subfield>
    <subfield code="2">rubbk</subfield>
  </datafield>
  <datafield tag="686" ind1=" " ind2=" ">
    <subfield code="a">&#x42F;438(0)</subfield>
  </datafield>
  <datafield tag="702" ind1=" " ind2="1">
    <subfield code="a">&#x41E;&#x43A;&#x443;&#x43D;&#x446;&#x43E;&#x432;&#x430;</subfield>
    <subfield code="b">&#x415;. &#x410;.</subfield>
    <subfield code="g">&#x415;&#x43B;&#x435;&#x43D;&#x430; &#x410;&#x43D;&#x434;&#x440;&#x435;&#x435;&#x432;&#x43D;&#x430;</subfield>
    <subfield code="4">220</subfield>
  </datafield>
  <datafield tag="801" ind1=" " ind2="0">
    <subfield code="a">RU</subfield>
    <subfield code="b">&#x420;&#x413;&#x411;</subfield>
    <subfield code="c">20090914</subfield>
    <subfield code="g">rcr</subfield>
  </datafield>
  <datafield tag="801" ind1=" " ind2="1">
    <subfield code="a">RU</subfield>
    <subfield code="b">&#x420;&#x413;&#x411;</subfield>
    <subfield code="c">20090914</subfield>
  </datafield>
  <datafield tag="801" ind1=" " ind2="2">
    <subfield code="a">RU</subfield>
    <subfield code="b">NLR</subfield>
    <subfield code="c">20091030</subfield>
    <subfield code="g">rcr</subfield>
  </datafield>
  <datafield tag="830" ind1=" " ind2=" ">
    <subfield code="a">&#x441;&#x43E;&#x441;&#x442;. &#x43F;&#x43E; &#x43A;&#x43D;.</subfield>
  </datafield>
  <datafield tag="942" ind1=" " ind2=" ">
    <subfield code="c">BOOK</subfield>
  </datafield>
  <datafield tag="980" ind1=" " ind2=" ">
    <subfield code="a">NB</subfield>
  </datafield>
  <datafield tag="995" ind1=" " ind2=" ">
    <subfield code="5">2009-10-30</subfield>
    <subfield code="a">ad</subfield>
    <subfield code="b">NLR01</subfield>
    <subfield code="c">NLR01</subfield>
    <subfield code="e">RF9</subfield>
    <subfield code="f">3028477</subfield>
    <subfield code="k">2009-5/9503</subfield>
    <subfield code="o">0</subfield>
    <subfield code="r">BOOK</subfield>
    <subfield code="s">200959503_</subfield>
  </datafield>
  <datafield tag="995" ind1=" " ind2=" ">
    <subfield code="5">2009-10-30</subfield>
    <subfield code="a">ad</subfield>
    <subfield code="b">NLR01</subfield>
    <subfield code="c">NLR01</subfield>
    <subfield code="e">RF9</subfield>
    <subfield code="f">3028479</subfield>
    <subfield code="k">2009-5/9503</subfield>
    <subfield code="o">0</subfield>
    <subfield code="r">BOOK</subfield>
    <subfield code="s">200959503_</subfield>
  </datafield>
</record>
